हमारे स्वतंत्रता सेनानी / (Record no. 63336)
[ view plain ]
| 000 -LEADER | |
|---|---|
| fixed length control field | 01227nam a22002417a 4500 |
| 005 - DATE AND TIME OF LATEST TRANSACTION | |
| control field | 20190221121031.0 |
| 010 ## - LCCN (DPL NO) | |
| LC control number | HIN-95552 राष्ट्रपति-2 B-694098 |
| 020 ## - INTERNATIONAL STANDARD BOOK NUMBER | |
| Terms of availability | 125.00 |
| International Standard Book Number | 8170165393 |
| 020 ## - INTERNATIONAL STANDARD BOOK NUMBER | |
| Terms of availability | 195.00 (राष्ट्रपति-2) |
| 035 ## - SYSTEM CONTROL NUMBER | |
| System control number | HN-67898 |
| 035 ## - SYSTEM CONTROL NUMBER | |
| System control number | B-694098 |
| 037 ## - SOURCE OF ACQUISITION | |
| Source of stock number/acquisition | DBAD / PUB |
| 037 ## - SOURCE OF ACQUISITION | |
| Source of stock number/acquisition | किताबघर (राष्ट्रपति-2 |
| 082 ## - DEWEY DECIMAL CLASSIFICATION NUMBER | |
| Classification number | 954.083 |
| 100 ## - MAIN ENTRY--PERSONAL NAME | |
| Personal name | आर्य,जगतरम |
| 245 ## - TITLE STATEMENT | |
| Title | हमारे स्वतंत्रता सेनानी / |
| Remainder of title | जगतरम आर्य |
| 260 ## - PUBLICATION, DISTRIBUTION, ETC. (IMPRINT) | |
| Place of publication, distribution, etc | नई दिल्ली |
| Name of publisher, distributor, etc | किताब घर |
| Date of publication, distribution, etc | 2012 |
| -- | 2017(राष्ट्रपति-2) |
| 270 ## - ADDRESS | |
| City | नई दिल्ली |
| Address | 24/4855, अंसारी रोड़ दरियागंज |
| Postal code | 110002 |
| 300 1# - PHYSICAL DESCRIPTION | |
| Extent | 100पृ. |
| Dimensions | 22सेमी (सजिल्द) |
| 500 ## - GENERAL NOTE | |
| General note | राष्ट्रपति-2 |
| 942 ## - ADDED ENTRY ELEMENTS (KOHA) | |
| Source of classification or shelving scheme | Dewey Decimal Classification |
| Item type | Hindi Books |
| Call number suffix | आर्यज |
| Classification part | 954.083 |
| Withdrawn status | Lost status | Not for loan | Collection code | Home library | Current library | Date acquired | Source of acquisition | Cost, normal purchase price | Full call number | Barcode | Copy number | Cost, replacement price | Koha item type | Public note |
|---|---|---|---|---|---|---|---|---|---|---|---|---|---|---|
| Not For Loan | Non-fiction | D.B.Act.Division | D.B.Act.Division | 23/02/2012 | DBAD/PUB | 125.00 | 954.083 आर्यज | HN-67898 | 1 | 125.00 | Hindi Books | |||
| Non-fiction | Mobile Library | Mobile Library | 31/05/2018 | किताबघर BL-25609/30.5.18/459/30.5.18/ 31.5.18 | 195.00 | 954.083 आर्यज | B-694098 | 1 | 195.00 | Hindi Books | राष्ट्रपति भवन-2 |
